| 000 | 01530cam a2200385 a 4500 | ||
|---|---|---|---|
| 005 | 20260322212026.0 | ||
| 008 | data | ||
| 010 | _a 2007276604 | ||
| 020 | _a1400032059 (pbk.) | ||
| 020 | _a9781400032051 (pbk.) | ||
| 040 |
_aDLC _cDLC |
||
| 043 |
_anc----- _as------ _anc----- |
||
| 050 | 0 | 0 |
_aE61 _b.M266 2006 |
| 092 | _a970.01 M266 2006 | ||
| 100 | 1 | _aMann, Charles C. | |
| 245 | 1 | 0 |
_a1491 : _bnew revelations of the Americas before Columbus / _cCharles C. Mann. |
| 246 | 3 | _aFourteen ninety-one | |
| 250 | _a1st Vintage Books ed. | ||
| 260 |
_aNew York : _bVintage, _c2006. |
||
| 300 |
_axiii, 541 p. : _bill., maps ; _c21 cm. |
||
| 500 | _a"With new afterword"--Cover. | ||
| 504 | _aIncludes bibliographical references and index. | ||
| 650 | 0 |
_aIndians _xOrigin. |
|
| 650 | 0 |
_aIndians _xHistory. |
|
| 650 | 0 |
_aIndians _xAntiquities. |
|
| 651 | 0 |
_aAmerica _xAntiquities. |
|
| 856 | 4 | 2 |
_3Contributor biographical information _uhttp://www.loc.gov/catdir/enhancements/fy0728/2007276604-b.html |
| 856 | 4 | 2 |
_3Publisher description _uhttp://www.loc.gov/catdir/enhancements/fy0728/2007276604-d.html |
| 856 | 4 | 1 |
_3Sample text _uhttp://www.loc.gov/catdir/enhancements/fy0728/2007276604-s.html |
| 856 | 4 | 1 |
_3Table of contents only _uhttp://www.loc.gov/catdir/enhancements/fy0728/2007276604-t.html |
| 906 |
_a7 _bcbc _corigcop _d2 _encip _f20 _gy-gencatlg |
||
| 925 | 0 |
_aacquire _b1 shelf copy _xpolicy default |
|
| 955 | _epv06 2007-07-16 to Dewey (telework) | ||
| 001 | data | ||
| 999 |
_c596 _d596 |
||